1778 1136 1784 1460 1004 1382 1269 1919 1216 1849 1848 1470 1826 1049 1977 1368 1050 1299 1108 1931 1801 1908 1876 1616 1169 1497 1917 1393 1851 1745 1916 1581 1618 1800 1639 1840 1043 1511 1574 1010 1592 1761 1474 1252 1596 1151 1110 1477 1612 1456 1008 1692 1043 1971 1330 1361 1489 1431 1275 1288 1681 1382 1172 1520 1137 1036 1271 1197 1931 1933 1149 1183 1415 1602 1297 1561 1330 1769 1802 1287 1264 1084 1051 1850 1449 1242 1075 1236 1039 1179 1728 1315 1683 1560 1372 1424 1169 1171 1789 BCNSPRNW ULIB Ver.6.0+V

เปลี่ยนเป็นภาษาไทย

Change to English
 แสดงรายละเอียดบรรณานุกรม
  กลับหน้าหลัก

Brief Record : Get Marc (ISO 2709) : E-mail record : QR code < ปิดหน้าต่าง
LEADER : 00000nam 2200000uu 4500
001    13399112055
003     ULIB
008    110725s2550||||th 000 0 tha d
020    9749995473
020    9789749995471
050  4 H62^bส759ร 2550
100 0  สุรพล กาญจนะจิตรา
245 10 ระเบียบวิธีวิจัยทางสังคมศาสตร์ /^cสุรพล กาญจนะจิตรา
250    พิมพ์ครั้งที่ 5
260    กรุงเทพฯ :^bโรงพิมพ์แห่งจุฬาลงกรณ์มหาวิทยาลัย,^c2550
300    128 หน้า ;^c29 ซม.
650  7 วิจัย
650  7 สังคมศาสตร์^xวิจัย
945    ^p150^l0^i021116
945    ^p150^l0^i021117
995    ทศพร
999 ^a ทศพร
รายการนี้ยังไม่มีแท็ก
คุณยังไม่ได้ล็อกอิน คุณสามารถมีกิจกรรมร่วมกับเว็บไซต์ได้ แต่ต้องล็อกอินก่อน ::
  ล็อกอิน

รายการสื่อสารสนเทศ

ลำดับที่ ประเภท เลขเรียก/บาร์โค้ด สถานที่ สถานะ
- ไม่พบข้อมูล -

รายการใกล้เคียง
    หัวเรื่อง [วิจัย]

BibComment


ยังไม่เคยถูกคอมเมนท์

คอมเมนท์ทรัพยากรรายการนี้
  คอมเมนท์: ระเบียบวิธีวิจัยท..


 Copyright 2026. Bcnsprnw @Library